000 00811nam a2200205 a 4500
008 120416s2001 ||||||||||||||||| || u
020 _a1840641053
050 _aTD 195.T7 Tra
100 _aVerhoef, E. T
245 1 0 _aTransport and environment : in search of sustainable solutions /
246 _ain search of sustainable solutions
260 _aCheltenham, UK:
_bEdward Elger
_c2001
300 _axi, 295p. : ill.
350 _a0.00
490 _aTransport economics, management, and policy
650 _aSUSTAINABLE DEVELOPMENT--ARAB REGION
650 _aTRANSPORT--ENVIRONMENTAL ASPECTS
700 _aFeitelson, Eran, 1956-
995 _D0.00
_FCBU-MAIN LIBRARY (Kitwe)
_H1
_I0.00
_M1
_UAVAILABLE
_WJun 11, 2007
_ZMain Library Open Access Collection
999 _c60354
_d60354